000 00417cam a22001217a 4500
008 180718b1996 xxu||||| |||| 00| 0 eng d
082 _aA81x54 91/23/PT2B/2
100 _aCensus of India 1991
245 _aTamil Nadu: primary census abstract for scheduled castes
260 _aNew Delhi
_bThe Controller of Publications
_c1996
300 _a445p.
440 _aCensus of India 1991. Series-23, Tamil Nadu. Part II-B (ii)
999 _c482293
_d482293